Global Assault on Non- Tariff Trade Barriers
Sparad:
| Huvudupphovsman: | |
|---|---|
| Materialtyp: | Bok |
| Språk: | Undetermined |
| Publicerad: |
London
Trade Policy Research Centre
1972
|
| Ämnen: | |
| Taggar: |
Lägg till en tagg
Inga taggar, Lägg till första taggen!
|
| Thư viện lưu trữ: | Trung tâm Học liệu Trường Đại học Cần Thơ |
|---|
| LEADER | 00525nam a2200181Ia 4500 | ||
|---|---|---|---|
| 001 | CTU_82301 | ||
| 008 | 210402s9999 xx 000 0 und d | ||
| 082 | |a 382 | ||
| 082 | |b C983 | ||
| 100 | |a Curzon, Gerard | ||
| 245 | 0 | |a Global Assault on Non- Tariff Trade Barriers | |
| 245 | 0 | |c Gerard Curzon, Victoria Curzon | |
| 260 | |a London | ||
| 260 | |b Trade Policy Research Centre | ||
| 260 | |c 1972 | ||
| 650 | |a Non-tariff trade barriers | ||
| 904 | |i Trọng Hải | ||
| 980 | |a Trung tâm Học liệu Trường Đại học Cần Thơ | ||